| 000 | 01748cam a2200517Ia 4500 | ||
|---|---|---|---|
| 001 | sjds1499707 | ||
| 003 | sjds | ||
| 005 | 20200313222005.0 | ||
| 008 | 080929s2008 sp d 000 f spa d | ||
| 020 | _a9788492429394 (pbk.) | ||
| 020 | _a8492429399 (pbk.) | ||
| 020 | _a9788492429370 | ||
| 020 | _a8492429372 | ||
| 020 | _a9788499182988 | ||
| 035 | _a378964 | ||
| 035 | _a(OCoLC)259254096 | ||
| 035 | _a378964 | ||
| 040 |
_aBTCTA _cBTCTA _dIF9 _dUPZ _dJAG _dLNQ _dCQU _dUtOrBLW |
||
| 041 | 1 |
_aspa _heng |
|
| 049 | _aIFAA | ||
| 099 | _aTEEN ESPANOL PAOLINI | ||
| 100 | 1 |
_aPaolini, Christopher, _eauthor. |
|
| 240 | 1 | 0 |
_aBrisingr. _lSpanish |
| 245 | 1 | 0 |
_aBrisingr / _cChristopher Paolini ; traduccin de Jorge Rizzo y Carol Isern. |
| 250 | _aFirst edition. | ||
| 260 |
_aBarcelona : _bRoca Editorial, _c2008. |
||
| 264 | 1 |
_aBarcelona : _bRoca Editorial, _c2008. |
|
| 300 |
_a700 pages ; _c23 cm. |
||
| 336 |
_atext _btxt _2rdacontent |
||
| 337 |
_aunmediated _bn _2rdamedia |
||
| 338 |
_avolume _bnc _2rdacarrier |
||
| 490 | 1 |
_aLegado ; _vbook 3 |
|
| 520 | _aThe further adventures of Eragon and his dragon Saphira as they continue to aid the Varden in the struggle against the evil king, Galbatorix. | ||
| 521 | 8 |
_a1050 _bLexile |
|
| 526 | 0 |
_aAccelerated Reader _bUG _c8.1 _d47.0 _z125940SP |
|
| 650 | 0 |
_aDragons _vJuvenile fiction. |
|
| 650 | 0 |
_aMagic _vJuvenile fiction. |
|
| 650 | 0 |
_aFantasy fiction _vJuvenile literature. |
|
| 650 | 7 |
_aDragones _vNovela juvenil. _2bidex |
|
| 650 | 7 |
_aMagia _vNovela juvenil. _2bidex |
|
| 650 | 7 |
_aNovela fantástica _vLiteratura juvenil. _2bidex |
|
| 700 | 1 | _aRizzo, Jorge. | |
| 700 | 1 | _aIsern, Carol. | |
| 800 | 1 |
_aPaolini, Christopher. _tInheritance. _lSpanish ; _vbook 3. |
|
| 942 | _cBK | ||
| 999 |
_c24461 _d24461 |
||